<?xml version="1.0" encoding="UTF-8"?>
<record
    xmlns:xsi="http://www.w3.org/2001/XMLSchema-instance"
    xsi:schemaLocation="http://www.loc.gov/MARC21/slim http://www.loc.gov/standards/marcxml/schema/MARC21slim.xsd"
    xmlns="http://www.loc.gov/MARC21/slim">

  <leader>00423nam a22001457a 4500</leader>
  <controlfield tag="005">20240424112239.0</controlfield>
  <controlfield tag="008">240424b        |||||||| |||| 00| 0 eng d</controlfield>
  <datafield tag="082" ind1=" " ind2=" ">
    <subfield code="a">297.63</subfield>
    <subfield code="b">MAN-N</subfield>
  </datafield>
  <datafield tag="100" ind1=" " ind2=" ">
    <subfield code="a">Syed Manazir Ehsan Ghillani</subfield>
  </datafield>
  <datafield tag="245" ind1=" " ind2=" ">
    <subfield code="a">An-Nabi-ul-Khaatim /</subfield>
    <subfield code="c">Syed Manazir Ehsan Ghillani</subfield>
  </datafield>
  <datafield tag="260" ind1=" " ind2=" ">
    <subfield code="a">Pakistan :</subfield>
    <subfield code="b">Muktabah Khalil ;</subfield>
    <subfield code="c">2012 .</subfield>
  </datafield>
  <datafield tag="300" ind1=" " ind2=" ">
    <subfield code="a">101 p. :</subfield>
    <subfield code="c">21.5 cm .</subfield>
  </datafield>
  <datafield tag="650" ind1=" " ind2=" ">
    <subfield code="a">Literature / Islamic</subfield>
  </datafield>
  <datafield tag="999" ind1=" " ind2=" ">
    <subfield code="c">35593</subfield>
    <subfield code="d">35593</subfield>
  </datafield>
  <datafield tag="952" ind1=" " ind2=" ">
    <subfield code="0">0</subfield>
    <subfield code="1">0</subfield>
    <subfield code="4">0</subfield>
    <subfield code="7">0</subfield>
    <subfield code="8">Literature</subfield>
    <subfield code="a">SIRC</subfield>
    <subfield code="b">SIRC</subfield>
    <subfield code="c">Literature </subfield>
    <subfield code="d">2024-04-24</subfield>
    <subfield code="l">1</subfield>
    <subfield code="o">297.63 MAN-A</subfield>
    <subfield code="p">29363</subfield>
    <subfield code="q">2027-01-21</subfield>
    <subfield code="r">2024-04-26</subfield>
    <subfield code="s">2024-04-26</subfield>
    <subfield code="w">2024-04-24</subfield>
    <subfield code="y">BK</subfield>
    <subfield code="Y">BK</subfield>
  </datafield>
</record>
